Theory of linear and integer programming / (Record no. 29537)

000 -LEADER
fixed length control field 00558 a2200169 4500
020 ## - INTERNATIONAL STANDARD BOOK NUMBER
International Standard Book Number 0471982326
020 ## - INTERNATIONAL STANDARD BOOK NUMBER
International Standard Book Number 9780471982326
082 ## - DEWEY DECIMAL CLASSIFICATION NUMBER
Classification number 519.72
090 ## - LOCALLY ASSIGNED LC-TYPE CALL NUMBER (OCLC); LOCAL CALL NUMBER (RLIN)
-- 915
-- 915
100 1# - MAIN ENTRY--PERSONAL NAME
Personal name Schrijver, Alexander.
245 10 - TITLE STATEMENT
Title Theory of linear and integer programming /
Statement of responsibility, etc. Alexander Schrijver.
260 ## - PUBLICATION, DISTRIBUTION, ETC.
Place of publication, distribution, etc. [S.l.] :
Name of publisher, distributor, etc. Wiley,
Date of publication, distribution, etc. 1986
300 ## - PHYSICAL DESCRIPTION
Extent 484 p. ;
Dimensions 25 cm.
700 ## - ADDED ENTRY--PERSONAL NAME
Personal name Schrijver, Alexander.
942 ## - ADDED ENTRY ELEMENTS (KOHA)
Institution code [OBSOLETE] SNS
Koha item type Book
Call number prefix 519.72 SCH
Holdings
Withdrawn status Lost status Damaged status Not for loan Permanent Location Current Location Date acquired Total Checkouts Full call number Barcode Date last seen Price effective from Koha item type
        School of Natural Sciences (SNS) School of Natural Sciences (SNS) 05/26/2016   519.72 SCH SNS0001085 05/26/2016 05/26/2016 Book
© 2023 Central Library, National University of Sciences and Technology. All Rights Reserved.